000 00647cam a2200205u 4500
001 9374876
005 20220302113715.0
008 821119m19629999nyua 000 0 eng
010 _a 62005920
040 _aDLC
_cCarP
_dDLC
050 0 0 _aPA2087
_b.U552 1962
100 1 _aUllman, B. L.
_q(Berthold Louis),
_d1882-1965.
245 1 0 _aLatin for Americans
250 _a[A revision]
260 _aNew York,
_bMacmillan
_c[1962-
300 _av.
_bill.
_c24 cm.
650 0 _aLatin language
_xGrammar
_vProblems, exercises, etc.
906 _a0
_bcbc
_cpremunv
_du
_encip
_f19
_gy-gencatlg
942 _2lcc
_cBOOKS
_hPA2087 .U552 1962
999 _c31344
_d31344